| 000 | 01273nam a22002657a 4500 | ||
|---|---|---|---|
| 005 | 20170124103109.0 | ||
| 010 | _aB-009179 | ||
| 020 |
_c175.00 _a8186120580 |
||
| 035 | _aB-009179 | ||
| 037 | _bCen Lib/Ret | ||
| 040 |
_aDPL _bHN |
||
| 082 |
_a230.1 _bअथइ |
||
| 100 |
_aअथइया, प्रज्ञा _979248 |
||
| 245 |
_aधृतराष्ट्र का जीवन-दर्शन : _cप्रज्ञा अथइया _bमहाभारत के संदर्भ में / |
||
| 246 |
_aDhritrashtr ka jeevan-darshan : mahabharat ke sandarbh me / _bby Pragya Athiya |
||
| 260 |
_aजयपुर _bहंसा प्रकाशन _c1999 |
||
| 270 |
_bजयपुर _a57, नाटाणी भवन, मिश्र राजा जी का रास्ता, चांदपोल बाजार |
||
| 300 |
_a115पृ. _c20सेमी(सजिल्द) |
||
| 500 | _aअनुक्रमाणिका शामिल | ||
| 650 |
_aहिन्दू धर्म _91413 |
||
| 650 |
_aमहाभारत के धृतराष्ट्र _945801 |
||
| 650 |
_aHindu religion _979249 |
||
| 650 |
_aDhritarashtra of the Mahabharata _979250 |
||
| 942 |
_2ddc _cHN _h230.1 _mअथइ |
||
| 999 |
_c118278 _d118278 |
||